Vista normal
Vista MARC
Entrada Personal Name
Número de registros utilizados en: 1
001 - CONTROL NUMBER
- control field: 17003
003 - CONTROL NUMBER IDENTIFIER
- control field: DLC
005 - DATE AND TIME OF LATEST TRANSACTION
- control field: 20250428164108.0
008 - FIXED-LENGTH DATA ELEMENTS
- fixed length control field: 030421n| acannaabn |a aaa c
010 ## - LIBRARY OF CONGRESS CONTROL NUMBER
- LC control number: no2003039501
035 ## - SYSTEM CONTROL NUMBER
- System control number: (OCoLC)oca06030116
040 ## - CATALOGING SOURCE
- Original cataloging agency: NNU-L
- Language of cataloging: spa
- Transcribing agency: Mx-PuUPA
- Modifying agency: Mx-PuUPA
- Description conventions: rda
100 1# - HEADING--PERSONAL NAME
- Personal name: Gil Rendón, Raymundo,
374 ## - OCCUPATION
- Occupation: Autor
375 ## - GENDER
- Gender: hombre
377 ## - ASSOCIATED LANGUAGE
- Language code: spa
400 1# - SEE FROM TRACING--PERSONAL NAME
- Personal name: Rendón, Raymundo Gil
670 ## - SOURCE DATA FOUND
- Source citation: El ombudsman en el derecho constitucional comparado, c2002:
- Information found: t.p. (Raymundo Gil Rendón) p. xiii (licenciado en derecho, maestría en derecho constitucional, administrativo y amparo, doctor en derecho (1998), Univ. Nacional Autónoma de México; abogado, Bufete Gil Rendón & Abogados)